Establishment of dress shop in Brgy. Imatong, Pililla, Rizal / (Record no. 8800)
[ view plain ]
| 000 -LEADER | |
|---|---|
| fixed length control field | 01027nam a22002417i 4500 |
| 003 - CONTROL NUMBER IDENTIFIER | |
| control field | URS |
| 005 - DATE AND TIME OF LATEST TRANSACTION | |
| control field | 20230217160706.0 |
| 008 - FIXED-LENGTH DATA ELEMENTS--GENERAL INFORMATION | |
| fixed length control field | 190205b ||||| |||| 00| 0 eng d |
| 040 ## - CATALOGING SOURCE | |
| Language of cataloging | eng |
| Description conventions | rda |
| Transcribing agency | URS Pililla Library |
| 082 00 - DEWEY DECIMAL CLASSIFICATION NUMBER | |
| Item number | FS BSBA FM81 2015 |
| 100 1# - MAIN ENTRY--PERSONAL NAME | |
| Personal name | Balasangay, Veronica N. |
| Relator term | researcher |
| 245 10 - TITLE STATEMENT | |
| Title | Establishment of dress shop in Brgy. Imatong, Pililla, Rizal / |
| Statement of responsibility, etc. | Veronica N. Balasangay, Joanna Pamela G. Perez and Ma. Erica O. Santos |
| 300 ## - PHYSICAL DESCRIPTION | |
| Extent | xvi, 95 leaves; |
| Dimensions | 28 cm. |
| 336 ## - CONTENT TYPE | |
| Content type term | text |
| Content type code | txt |
| Source | rdacontent |
| 337 ## - MEDIA TYPE | |
| Media type term | unmediated |
| Media type code | n |
| Source | rdamedia |
| 338 ## - CARRIER TYPE | |
| Carrier type term | volume |
| Carrier type code | nc |
| Source | rdacarrier |
| 502 ## - DISSERTATION NOTE | |
| Dissertation note | Undergraduate Feasibility Study |
| Degree type | Bachelor of Science in Business Administration Major in Financial Management |
| Name of granting institution | University of Rizal System Pililla |
| 700 1# - ADDED ENTRY--PERSONAL NAME | |
| Personal name | Perez, Joanna Pamela G, |
| Relator term | researcher |
| 700 1# - ADDED ENTRY--PERSONAL NAME | |
| Personal name | Santos, Ma. Cecilia L. |
| Relator term | adviser |
| 700 1# - ADDED ENTRY--PERSONAL NAME | |
| Personal name | Santos, Ma. Erica O. |
| Relator term | researcher |
| 856 ## - ELECTRONIC LOCATION AND ACCESS | |
| Uniform Resource Identifier | <a href="https://drive.google.com/file/d/14DGycI_QMqm-8Cj_PRIs3FWCjC3prgIa/view?usp=share_link">https://drive.google.com/file/d/14DGycI_QMqm-8Cj_PRIs3FWCjC3prgIa/view?usp=share_link</a> |
| 942 ## - ADDED ENTRY ELEMENTS (KOHA) | |
| Source of classification or shelving scheme | Dewey Decimal Classification |
| Koha item type | Theses and dissertations |
| Withdrawn status | Source of classification or shelving scheme | Damaged status | Not for loan | Home library | Current library | Shelving location | Date acquired | Total Checkouts | Full call number | Barcode | Date last seen | Price effective from | Koha item type |
|---|---|---|---|---|---|---|---|---|---|---|---|---|---|
| Dewey Decimal Classification | Not For Loan | Pililla College Library | Pililla College Library | General Stacks | 02/05/2019 | FS BSBA FM81 2015 | FS BSBA FM81 2015 | 02/05/2019 | 02/05/2019 | Theses and dissertations |